Spoločenská zodpovednosť podnikov a podniková sociálna politika

Spoločenská zodpovednosť podnikov. Podniková sociálna politika. Tvorba sociálneho fondu. Použitie sociálneho fondu. Vybrané ukazovatele podnikovej sociálnej politiky na Slovensku.

Saved in:
Bibliographic Details
Main Author: Stanek, Vojtech
Format: Book Chapter
Language:Slovak
Subjects:
Tags: Add Tag
No Tags, Be the first to tag this record!

MARC

LEADER 00000naa a2200000 4500
001 0155250
005 20230918094257.1
041 0 |a slo 
044 |a SK 
245 1 0 |a Spoločenská zodpovednosť podnikov a podniková sociálna politika  |c Vojtech Stanek 
520 |a Spoločenská zodpovednosť podnikov. Podniková sociálna politika. Tvorba sociálneho fondu. Použitie sociálneho fondu. Vybrané ukazovatele podnikovej sociálnej politiky na Slovensku. 
610 2 0 |a politika sociálna podniková 
610 2 0 |a zodpovednosť spoločenská 
610 2 0 |a fond sociálny 
610 2 0 |a kvalita života 
610 2 0 |a stratégia podniková 
100 1 |a Stanek, Vojtech